Central Library OPAC University of Rajshahi

Anglo-Saxon prose. (Record no. 20038)

MARC details
000 -LEADER
fixed length control field 01004cam a2200289 4500
001 - CONTROL NUMBER
control field 20038
003 - CONTROL NUMBER IDENTIFIER
rucl marc code BD-RjUL
005 - DATE AND TIME OF LATEST TRANSACTION
control field 20211209000519.0
008 - FIXED-LENGTH DATA ELEMENTS--GENERAL INFORMATION
fixed length control field 140226s1975 enk b 000 0 eng
020 ## - INTERNATIONAL STANDARD BOOK NUMBER
International Standard Book Number 0874715458 087471544X (pbk.)
035 ## - SYSTEM CONTROL NUMBER
System control number (BD-RjUL)20100
040 ## - CATALOGING SOURCE
Original cataloging agency DLC
Transcribing agency DLC
Modifying agency DLC
Language of cataloging eng
041 ## - LANGUAGE CODE
Language code of text/sound track or separate title eng
082 00 - DEWEY DECIMAL CLASSIFICATION NUMBER
Classification number 829
245 10 - TITLE STATEMENT
Title Anglo-Saxon prose.
Statement of responsibility, etc. Edited and translated by Michael Swanton.
260 ## - PUBLICATION, DISTRIBUTION, ETC. (IMPRINT)
Place of publication, distribution, etc. London ;
Name of publisher, distributor, etc. Dent;
Place of publication, distribution, etc. Totowa, N.J. :
Name of publisher, distributor, etc. Rowman and Littlefield,
Date of publication, distribution, etc. 1975.
300 ## - PHYSICAL DESCRIPTION
Pagination xxvi, 188 p. ;
Size 20 cm.
490 0# - SERIES STATEMENT
Series statement Rowman and Littlefield university library
504 ## - BIBLIOGRAPHY, ETC. NOTE
Bibliography, etc Bibliography: p. xxv-xxvi.
650 #0 - SUBJECT ADDED ENTRY--TOPICAL TERM
Topical term or geographic name as entry element English prose literature
Chronological subdivision Old English, ca. 450-1100
General subdivision Modernized versions.
9 (RLIN) 61661
Topical term or geographic name as entry element Anglo-Saxons
General subdivision Literary collections.
9 (RLIN) 61662
Topical term or geographic name as entry element Middle Ages
General subdivision Literary collections.
9 (RLIN) 61537
651 #0 - SUBJECT ADDED ENTRY--GEOGRAPHIC NAME
Geographic name Great Britain
General subdivision History
Chronological subdivision Anglo-Saxon period, 449-1066
General subdivision Sources.
9 (RLIN) 60939
942 ## - ADDED ENTRY ELEMENTS (KOHA)
Source of classification or shelving scheme Dewey Decimal Classification
Koha item type Books
Holdings
Lost status Source of classification or shelving scheme Damaged status Not for loan Collection code Permanent Location Current Location Shelving location Date acquired Source of acquisition Cost, normal purchase price Total Checkouts Full call number Date last seen Copy number Koha item type
  Dewey Decimal Classification   Not For Loan Fiction Central Library, University of Rajshahi Central Library, University of Rajshahi Reading Room 03/08/1982 Heffers 2.95   829 ANG 1975 26/02/2014 C-1 Books